Vista normal
Vista MARC
Entrada Personal Name
Número de registros utilizados en: 1
001 - CONTROL NUMBER
- control field: 12065
003 - CONTROL NUMBER IDENTIFIER
- control field: DLC
005 - DATE AND TIME OF LATEST TRANSACTION
- control field: 20220209143252.0
008 - FIXED-LENGTH DATA ELEMENTS
- fixed length control field: 781201n| azannaabn |n aaa
010 ## - LIBRARY OF CONGRESS CONTROL NUMBER
- LC control number: n 78090567
024 7# - OTHER STANDARD IDENTIFIER
- Standard number or code: 0000 0001 1573 3440
- Source of number or code: isni
024 7# - OTHER STANDARD IDENTIFIER
- Standard number or code: 0000-0001-6578-8204
- Source of number or code: orcid
035 ## - SYSTEM CONTROL NUMBER
- System control number: (OCoLC)oca00225708
035 ## - SYSTEM CONTROL NUMBER
- System control number: (CaEvSKY)skya1308486
040 ## - CATALOGING SOURCE
- Original cataloging agency: DLC
- Language of cataloging: spa
- Description conventions: rda
- Transcribing agency: Mx-PuUPA
- Modifying agency: OCoLC
- Modifying agency: UPB
- Modifying agency: MX-MxUNIE
- Modifying agency: DLC
- Modifying agency: Mx-PuUPA
046 ## - SPECIAL CODED DATES
- Birth date: 19430120
- Source of date scheme: edtf
100 1# - HEADING--PERSONAL NAME
- Personal name: Eder, Rita,
- Dates associated with a name: 1943-
370 ## - ASSOCIATED PLACE
- Place of birth: Ciudad de México (México)
- Associated country: México
- Source of term: naf
371 ## - ADDRESS
- Address: Calle Mario de La Cueva S/N, Coyoacan, Ciudad Universitaria,
- City: Ciudad de México
- Country: México
- Postal code: 04510
- Electronic mail address: eder@unam.mx
372 ## - FIELD OF ACTIVITY
- Field of activity: Arte--Historia
- Source of term: lcsh
373 ## - ASSOCIATED GROUP
- Associated group: Universidad Nacional Autónoma de México. Instituto de Investigaciones Estéticas
- Source of term: naf
- Start period: 1975
374 ## - OCCUPATION
- Occupation: Historiadora del arte
- Occupation: Profesora universitaria
- Occupation: Críticos de arte
- Source of term: lcsh
374 ## - OCCUPATION
- Occupation: Editor
374 ## - OCCUPATION
- Occupation: Académicos (personas)
- Source of term: aat
374 ## - OCCUPATION
- Occupation: Investigadora
375 ## - GENDER
- Gender: mujer
- Source of term: lcdgt
377 ## - ASSOCIATED LANGUAGE
- Language code: spa
670 ## - SOURCE DATA FOUND
- Source citation: Dadá, 1977 (a.e.)
- Information found: t.p. (Rita Eder)
670 ## - SOURCE DATA FOUND
- Source citation: Desafío a la estabilidad, 2014:
- Information found: title page (Rita Eder) page 596 (born in Ciudad de México; art historian and researcher at Instituto de Investigaciones Estéticas, UNAM; professor of art history at UNAM)
670 ## - SOURCE DATA FOUND
- Source citation: IIE, UNAM, www, 23 september, 2019
- Information found: (PhD Art History of the UNAM. In October 1975, she entered the Institute of Aesthetic Research of the UNAM of which she was director from 1990 to 1998. From 2005 to 2007 she served as coordinator of the postgraduate program in the History of Art at the Faculty of Philosophy and Letters of the UNAM.)
- Uniform Resource Identifier: http://www.esteticas.unam.mx/rita_eder
678 ## - BIOGRAPHICAL OR HISTORICAL DATA
- Biographical or historical data: Rita Eder is PhD Art History of the UNAM. Main lines of research: Art history and Social theory of art. Some of his books are: Narraciones: Pequeñas historias y grandes relatos en la pintura de Antonio Ruiz (1935-1949), 2017; Genealogías del arte contemporáneo en México. 1952-1967, 2016 and the work Desafío a la estabilidad. Procesos artísticos en México 1952-1967, 2014. Among the most important distinctions he has received are the "Sor Juana Inés de la Cruz" in 2006 and the Award Universidad Nacional in the area of Arts Research in 2013, UNAM. In 2016 he obtained The Edmundo O'Gorman Scholarship, awarded by Columbia University (New York) and ILAS (Institute of Latin American Studies) and in December 2017 was elected as a member of the Academy of Arts.